Geography Quiz

Random Geography or World Quiz

30 in 60: World Capitals II Quiz Stats

Quiz Updated Sep 23, 2017

Challenge
Share
Tweet
Embed
Score 0/30 Timer 01:00
18 Plays Today
% Correct
Mexico City
66.3%
Copenhagen
63.9%
Reykjavik
63.3%
Lisbon
63.1%
Pyongyang
61.2%
Wellington
60.4%
Bern
59.4%
Vienna
59%
Algiers
58.4%
Budapest
58.1%
Kingston
57.5%
Ankara
56%
Kyiv
55.8%
San Salvador
55.8%
Tunis
55.5%
% Correct
Hanoi
54.8%
Bogotá
54.7%
Tehran
54.4%
Manila
54.1%
Santiago
53.3%
Pretoria
50.4%
Prague
50.1%
Kuala Lumpur
49.7%
Kabul
49.3%
Islamabad
49%
Sofia
48.3%
Jakarta
47.2%
Riga
46%
Quito
45.5%
Tripoli
45.5%

You're not logged in!

Compare scores with friends on all Sporcle quizzes.
Sign Up with Email
OR
Log In

You Might Also Like...

Show Comments

Extras

Top Quizzes Today


Score Distribution

Your Account Isn't Verified!

In order to create a playlist on Sporcle, you need to verify the email address you used during registration. Go to your Sporcle Settings to finish the process.